000
00279nam a22001217a 4500
003
SGT
082
_a
617.3
_b
O99N
100
_a
NATARAJAN ,M
245
_a
TEXTBOOK OF ORTHOPAEDICS AND TRAUMATOLOGY
260
_a
CHENNAI
_b
MN ORTHO HOSPITAL
_c
1999
300
_a
328
942
_2
ddc
_c
BK
999
_c
14162
_d
14162